mapa wybranych miast sprawdzian 1 - Statystyki

Ogólne statystyki
  • Ten quiz został rozwiązany 15 razy
  • Średni wynik to 102 z 171
Odpowiedzi na mapie
Odpowiedzi zakodowano w zielono-czerwonej skali na mapie do tego quizu, zgodnie z poniższymi procentami.
 
Statystyki odpowiedzi
Odpowiedź % Poprawnych
nowy jork
91%
amsterdam
82%
ankara
82%
ateny
82%
barcelona
82%
belgrad
82%
berlin
82%
berno
82%
bratysława
82%
bruksela
82%
budapeszt
82%
bukareszt
82%
dublin
82%
hamburg
82%
helsinki
82%
kair
82%
kijów
82%
kopenhaga
82%
liverpool
82%
lizbona
82%
londyn
82%
los angeles
82%
lublana
82%
luksemburg
82%
lwów
82%
lyon
82%
madryt
82%
marsylia
82%
mediolan
82%
mińsk
82%
moskwa
82%
oslo
82%
paryz
82%
pekin
82%
petersburg
82%
praga
82%
reykjavik
82%
ryga
82%
rzym
82%
sarajewo
82%
seul
82%
sofia
82%
stambuł
82%
sydney
82%
tallinn
82%
tirana
82%
tokio
82%
warszawa
82%
wenecja
82%
wiedeń
82%
wilno
82%
zagrzeb
82%
algier
73%
bangkok
73%
brasilia
73%
edynburg
73%
hawana
73%
kiszyniów
73%
meksyk
73%
miami
73%
monachium
73%
osaka
73%
ottawa
73%
palermo
73%
porto
73%
rabat
73%
rio de janeiro
73%
saloniki
73%
sewilla
73%
skopje
73%
sztokholm
73%
teheran
73%
toronto
73%
turyn
73%
ułan bator
73%
zurych
73%
bagdad
64%
bogota
64%
boston
64%
buenos aires
64%
canberra
64%
caracas
64%
chartum
64%
delhi
64%
drezno
64%
dubaj
64%
dżakarta
64%
genewa
64%
hanoi
64%
hongkong
64%
jerozolima
64%
lima
64%
manchester
64%
nairobi
64%
neapol
64%
nicea
64%
rotterdam
64%
santiago
64%
seattle
64%
waszyngton
64%
aleksandria
55%
dakar
55%
glasgow
55%
haga
55%
kolonia
55%
kuala lumpur
55%
la paz
55%
montreal
55%
odessa
55%
quito
55%
san francisco
55%
singapur
55%
strasbourg
55%
szanghaj
55%
tel awiw
55%
trypolis
55%
abudża
45%
atlanta
45%
bejrut
45%
bombaj
45%
bordeaux
45%
casablanca
45%
detroit
45%
frankfurt
45%
genua
45%
honolulu
45%
houston
45%
johannesburg
45%
kabul
45%
kaliningrad
45%
kapsztad
45%
lagos
45%
pretoria
45%
sao paulo
45%
tajpej
45%
vancouver
45%
wellington
45%
addis abeba
36%
bonn
36%
brisbane
36%
goteborg
36%
innsbruck
36%
islamabad
36%
kolombo
36%
melbourne
36%
nowy orlean
36%
perth
36%
adelaide
27%
filadelfia
27%
hobart
27%
irkuck
27%
jokohama
27%
karaczi
27%
katmandu
27%
lhasa
27%
manaus
27%
murmańsk
27%
salt lake city
27%
władywostok
27%
antofagasta
18%
belem
18%
darwin
18%
kalkuta
18%
kobe
18%
monterrey
18%
phenian
18%
chongqing
9%
ałma ata
0%
ar rijad
0%
madras
0%
norilsk
0%
Nie znaleziono quizów pasujących do podanych kryteriów
Rozkład punktacji
Procent ludzi z każdym wynikiem
Percentyl według liczby udzielonych odpowiedzi
Twoja historia wyników
Nie rozwiązałeś tego quizu